الموسوعة الفقهية: أجل -إذن، الجزء 2 (Record no. 22289)
[ view plain ]
| 000 -LEADER | |
|---|---|
| fixed length control field | 00835nam a2200241Ii 4500 |
| 003 - CONTROL NUMBER IDENTIFIER | |
| control field | JO-AjNU |
| 005 - DATE AND TIME OF LATEST TRANSACTION | |
| control field | 20240113103835.0 |
| 008 - FIXED-LENGTH DATA ELEMENTS--GENERAL INFORMATION | |
| fixed length control field | 230605s9999||||xx |||||||||||||| ||und|| |
| 040 ## - CATALOGING SOURCE | |
| Original cataloging agency | JO-AjNU |
| Language of cataloging | ara |
| Description conventions | rda |
| Transcribing agency | JO-AjNU |
| 041 ## - LANGUAGE CODE | |
| Language code of text/sound track or separate title | ara |
| 050 14 - LIBRARY OF CONGRESS CALL NUMBER | |
| Classification number | BP144.M38.2012 |
| 100 3# - MAIN ENTRY--PERSONAL NAME | |
| Personal name | وزارة الأوقاف والشئون الإسلامية, |
| Relator term | author |
| 9 (RLIN) | 43531 |
| 245 00 - TITLE STATEMENT | |
| Title | الموسوعة الفقهية: أجل -إذن، الجزء 2 |
| 250 ## - EDITION STATEMENT | |
| Edition statement | ط1 |
| 264 31 - PRODUCTION, PUBLICATION, DISTRIBUTION, MANUFACTURE, AND COPYRIGHT NOTICE | |
| Place of production, publication, distribution, manufacture | الكويت : وزارة الأوقاف والشئون الإسلامية، 2012 |
| 300 ## - PHYSICAL DESCRIPTION | |
| Extent | ج2 ، 471ص |
| 336 ## - CONTENT TYPE | |
| Content type term | text |
| Content type code | txt |
| Source | rdacontent |
| 337 ## - MEDIA TYPE | |
| Media type term | unmediated |
| Media type code | n |
| Source | rdamedia |
| 338 ## - CARRIER TYPE | |
| Carrier type term | volume |
| Carrier type code | nc |
| Source | rdacarrier |
| 490 0# - SERIES STATEMENT | |
| Series statement | الموسوعة الفقهية |
| 650 #4 - SUBJECT ADDED ENTRY--TOPICAL TERM | |
| Topical term or geographic name entry element | الفقه الإسلامي -- دوائر معارف |
| 9 (RLIN) | 43532 |
| 942 ## - ADDED ENTRY ELEMENTS (KOHA) | |
| Source of classification or shelving scheme | Library of Congress Classification |
| Koha item type | Reference |
| Withdrawn status | Lost status | Source of classification or shelving scheme | Damaged status | Not for loan | Home library | Current library | Shelving location | Date acquired | Total Checkouts | Full call number | Barcode | Date last seen | Price effective from | Koha item type |
|---|---|---|---|---|---|---|---|---|---|---|---|---|---|---|
| Library of Congress Classification | مكتبة جامعة عجلون الوطنية | مكتبة جامعة عجلون الوطنية | المراجع | 06/06/2023 | BP144.M38.2012 | A18721 | 06/06/2023 | 06/06/2023 | Reference |